000 01145nam a22003377a 4500
003 CHAP
005 20220329133318.0
008 971013s1989 r 00010 d
010 _a4743
011 _a5715
035 _a4930
040 _cCHAP
090 _aFolleto 13625
110 _aPrograma de las Naciones Unidas para el Medio Ambiente
_992307
245 _aCrisis, deuda externa, políticas macroeconómicas y sus relaciones con el medio ambiente en América Latina y El Caribe
260 _aBrasilia, Brasil :
_bPNUMA,
_c1989
300 _a83 p.
490 _aUNEP/LAC-7 GWG. IV/Inf.
_v;10
500 _a54-123
590 _aBATCH-UPD
_b10
_c20130110
_lUCH01
_h1216
590 _aBATCH-UPD
_b10
_c20130410
_lUCH01
_h0753
590 _aBATCH-UPD
_b10
_c20130914
_lUCH01
_h1158
590 _aCONVERSION
_b10
_c20130109
_lUCH01
_h1304
650 1 4 _aDeuda pública
_xAmérica Latina.
_932223
650 1 4 _aMedio ambiente.
_974065
650 1 4 _aPolítica económica
_zAmérica Latina.
_990532
830 0 _aUNEP/LAC-7 GWG. IV/Inf.
_v;10
_9116143
901 _aBK
942 _cFOLL
949 _aFolleto 13625
_bBC
_cFOLL
_d-14494
_eTS1
_i4930
_si
999 _c4743
_d4743